Statistiken für 15 ersten Harry Potter Charaktere, die genannt werden

Klicken Sie hier um das Quiz zu spielen!

Allgemein

  • Dieses Quiz wurde 3.315 mal gespielt
  • Das Durchschnittsergebnis liegt bei 9 aus 15

Antwortstatistiken

PlatzierungCharaktere% Korrekt
5Harry Potter
96%
12Rubeus Hagrid
90%
6Albus Dumbledore
89%
3Dudley Dursley
81%
1Vernon Dursley / Mr. Dursley
78%
2Petunia Dursley / Mrs. Dursley
77%
9Voldemort
68%
11James Potter
64%
7Minerva McGonagall
63%
4Lily Potter / Mrs. Potter
57%
13Sirius Black
42%
14Mrs. Figg
22%
8Dädalus Diggel
12%
15Tante Magda
10%
10Madam Pomfrey
3%

Verteilung der Resultate

Perzentil nach korrekt beantworteten Fragen

Anzahl Personen mit jedem Resultat

Ihre Resultats-Entwicklung

Sie haben dieses Quiz noch nicht gespielt